Corruption and reform in India : public services in the digital age (Record no. 321245)

000 -LEADER
fixed length control field 00404 a2200133 4500
001 - CONTROL NUMBER
control field 86172
003 - CONTROL NUMBER IDENTIFIER
control field NUST
005 - DATE AND TIME OF LATEST TRANSACTION
control field 20180122091459.0
008 - FIXED-LENGTH DATA ELEMENTS--GENERAL INFORMATION
fixed length control field 180122b xxu||||| |||| 00| 0 eng d
020 ## - INTERNATIONAL STANDARD BOOK NUMBER
International Standard Book Number 9781107019058
082 ## - DEWEY DECIMAL CLASSIFICATION NUMBER
Classification number 352.350954 BUS
100 ## - MAIN ENTRY--PERSONAL NAME
Personal name Jennifer Bussell
9 (RLIN) 9413
245 ## - TITLE STATEMENT
Title Corruption and reform in India : public services in the digital age
Statement of responsibility, etc. Jennifer Bussell
260 ## - PUBLICATION, DISTRIBUTION, ETC.
Place of publication, distribution, etc. New York
Name of publisher, distributor, etc. Cambridge University Press
Date of publication, distribution, etc. 2012
300 ## - PHYSICAL DESCRIPTION
Extent xiii, 306 p.
942 ## - ADDED ENTRY ELEMENTS (KOHA)
Institution code [OBSOLETE] CAE NUST
Koha item type Book
Call number prefix 352.350954 BUS
Source of classification or shelving scheme
Holdings
Withdrawn status Lost status Damaged status Not for loan Collection code Permanent Location Current Location Date acquired Total Checkouts Full call number Barcode Date last seen Price effective from Koha item type
          College of Aeronautical Engineering (CAE) College of Aeronautical Engineering (CAE) 04/03/2017   352.350954 BUS CAE85086 04/05/2017 04/05/2017 Book
© 2023 Central Library, National University of Sciences and Technology. All Rights Reserved.